Thông tin A: Chào đón các bạn đến với thế giới thông tin kĩ thuật

Uloženo v:
Podrobná bibliografie
Médium: Kniha
Tagy: Přidat tag
Žádné tagy, Buďte první, kdo otaguje tento záznam!
Thư viện lưu trữ: Mạng thư viện Đại học Đà Nẵng
LEADER 00459nam a22001691a 4500
001 000040142
003 16437
005 20160412022848.0
008 160412s0 000
082 |a 4N(TK) 1666 
245 |a Thông tin A: Chào đón các bạn đến với thế giới thông tin kĩ thuật 
OWN |a LNN 
999 |a From the UDN01 
TYP |a Monograph 
980 |a Mạng thư viện Đại học Đà Nẵng